000
00217 a2200097 4500
001
48174
100
_a
Qadir, A
245
_a
Iqbal the great poet of Islam
260
_a
Lahore
_b
Sang-e-Meel
_c
090
_c
31142
_d
31142
942
_a
NUST-CAE
_c
M
_c
23495
999
_c
283247
_d
283247